Νεολιθικός πολιτισμός : αναζητώντας ανθρώπινα ίχνη μέσα στο νεολιθικό περιβάλλον Ανατολής και Δύσης
Αποθηκεύτηκε σε:
| Κύριος συγγραφέας: | |
|---|---|
| Μορφή: | Βιβλίο |
| Γλώσσα: | Greek |
| Δημοσίευση: |
Αθήνα :
Ινστιτούτο του Βιβλίου - Α. Καρδαμίτσα,
2011.
|
| Θέματα: | |
| Ετικέτες: |
Προσθήκη ετικέτας
Δεν υπάρχουν, Καταχωρήστε ετικέτα πρώτοι!
|
MARC
| LEADER | 00000cam a2200000 a 4500 | ||
|---|---|---|---|
| 001 | 1/123030 | ||
| 008 | 210525s2011####gr | ||| |||| ||gre|| | ||
| 020 | |a 9789603542797 | ||
| 040 | |a GR-MyUa |b gre |c GR-MyUa |e AACR2 | ||
| 041 | 0 | |a gre | |
| 082 | 7 | |a 930.14 |2 (23) | |
| 100 | 1 | |a Καραλή, Λίλιαν, |d 1950- | |
| 245 | 1 | 0 | |a Νεολιθικός πολιτισμός : |b αναζητώντας ανθρώπινα ίχνη μέσα στο νεολιθικό περιβάλλον Ανατολής και Δύσης / |c Λίλιαν Καραλή. |
| 260 | |a Αθήνα : |b Ινστιτούτο του Βιβλίου - Α. Καρδαμίτσα, |c 2011. | ||
| 300 | |a [222] σ. : |b εικ., φωτ., σχεδ., χάρτες ; |c 24 εκ. | ||
| 504 | |a Βιβλιογραφία : σ. 167-175. | ||
| 650 | 0 | |a Neolithic period |z Greece. | |
| 650 | 0 | |a Neolithic period |z Europe. | |
| 650 | 0 | |a Neolithic period |z Mediterranean Region. | |
| 650 | 0 | |a Neolithic period |z Middle East. | |
| 650 | 0 | |a Neolithic period |z Aegean Sea Region. | |
| 852 | |a INST |b RHODES |c EUDOXUS |e 20210525 |h 930.14 ΚΑΡ |p 005400042115 |q 005400042115 |t EDX |y 0 | ||
| 920 | |a Εύδοξος |b Παραγγελία |y Ρόδος-ΠΤΔΕ |z 2021-05 | ||
| 970 | |z 25-05-2021 | ||